The First Epistle to the Corinthians / (Record no. 56008)
[ view plain ]
| 000 -LEADER | |
|---|---|
| fixed length control field | 00506nam a22001577a 4500 |
| 008 - FIXED-LENGTH DATA ELEMENTS--GENERAL INFORMATION | |
| fixed length control field | 210205b ||||| |||| 00| 0 eng d |
| 020 ## - INTERNATIONAL STANDARD BOOK NUMBER | |
| International Standard Book Number | 0802822886 |
| 050 ## - LIBRARY OF CONGRESS CALL NUMBER | |
| Classification number | BS2675.3 |
| Item number | .F43 1987 |
| 100 ## - MAIN ENTRY--PERSONAL NAME | |
| Personal name | Fee, Gordon D. |
| 245 ## - TITLE STATEMENT | |
| Title | The First Epistle to the Corinthians / |
| Statement of responsibility, etc | by Gordon D. Fee. |
| 260 ## - PUBLICATION, DISTRIBUTION, ETC. (IMPRINT) | |
| Place of publication, distribution, etc | Grand Rapids, Mich. : |
| Name of publisher, distributor, etc | W.B. Eerdmans Pub. Co., |
| Date of publication, distribution, etc | 1987 |
| 300 ## - PHYSICAL DESCRIPTION | |
| Extent | xxiv, 880 p. ; |
| Dimensions | 23 cm. |
| 500 ## - GENERAL NOTE | |
| General note | Includes indexes. |
| 650 ## - SUBJECT ADDED ENTRY--TOPICAL TERM | |
| Topical term or geographic name as entry element | Bible. Corinthians, 1st |
| General subdivision | Commentaries. |
| 942 ## - ADDED ENTRY ELEMENTS (KOHA) | |
| Source of classification or shelving scheme | Library of Congress Classification |
| Item type | Book |
No items available.